00503nam a2200181 i 450000100060000000300090000600500170001500700030003200800410003510000180007624500790009426000320017330000220020549000230022770000170025083000230026785200310029026660ES-MaACL20230906153459.0t|030110s1981 sp ||||1| spa d1 aArvon, Henri.13aEl anarquismo en el siglo XX / cHenri Arvon ; versión... de Ana Goldar. aMadrid : bTaurus, c[1981] a184 p. ; c21 cm.1 aEnsayistas ; v1801 aGoldar, Ana.0 aEnsayistas ; v180 aES-MaACLjL-798 bR.101588